[Event "BL 0304 SV Hofheim - SK König Plauen"]
[Site "?"]
[Date "2004.03.28"]
[Round "13.6"]
[White "Brendel, Oliver"]
[Black "Haskamp, Stefan"]
[Result "1-0"]
[WhiteElo "2311"]
[BlackElo "2308"]
[PlyCount "65"]
[EventDate "2004.??.??"]

1. e4 g6 2. d4 d6 3. Nc3 Bg7 4. f4 Nc6 5. Be3 Nf6 6. Nf3 e6 7. Qd2 a6 8. h3 O-O
9. O-O-O b6 10. e5 Nd5 11. Nxd5 exd5 12. g4 f6 13. Bg2 Na5 14. b3 c6 15. Rhf1
Ra7 16. Bf2 Raf7 17. Bg3 Nb7 18. Rde1 dxe5 19. fxe5 fxe5 20. Nxe5 Bxe5 21. Bxe5
Rxf1 22. Bxf1 Nd6 23. Qh6 Rf7 24. Bd3 Ne4 25. Bxe4 dxe4 26. Rxe4 b5 27. Qe3 Qa5
28. Bd6 Rf1+ 29. Kb2 b4 30. Re8+ Kg7 31. Qe7+ Kh6 32. Qh4+ Kg7 33. Be5+ 1-0

[Event "BL 0304 SV Hofheim - SK König Plauen"]
[Site "?"]
[Date "2004.03.28"]
[Round "13.7"]
[White "Kuraszkiewicz, Michael"]
[Black "Zude, Erik Dr"]
[Result "1/2-1/2"]
[WhiteElo "2304"]
[BlackElo "2349"]
[PlyCount "108"]
[EventDate "2004.??.??"]

1. d4 d6 2. e4 Nf6 3. f3 g6 4. c4 Bg7 5. Nc3 O-O 6. Bg5 c5 7. d5 e6 8. Nge2 h6
9. Be3 exd5 10. cxd5 a6 11. a4 Nbd7 12. Ng3 Ne5 13. Be2 Bd7 14. O-O b5 15. b3
h5 16. h3 h4 17. Nh1 Nh7 18. Rc1 bxa4 19. f4 axb3 20. Qxb3 c4 21. Qa3 Nd3 22.
Bxd3 cxd3 23. Qxd6 Re8 24. Nf2 d2 25. Rc2 Bf8 26. Qb6 Qxb6 27. Bxb6 Rac8 28. d6
Bxd6 29. Rxd2 Bxf4 30. Rxd7 Rxc3 31. Ng4 Rc1 32. Bd4 Rxf1+ 33. Kxf1 f5 34. exf5
gxf5 35. Rxh7 Kxh7 36. Nf6+ Kg6 37. Nxe8 a5 38. Nf6 a4 39. Nd5 Bc1 40. Nb4 a3
41. Ke2 Bb2 42. Bc5 Kf7 43. Na2 Ke6 44. Kd3 Kf6 45. Bb6 Ke6 46. Bd8 Bf6 47.
Bxf6 Kxf6 48. Kd4 Ke6 49. Nc3 Kf6 50. Kd5 Kg5 51. Ke5 Kg6 52. Na2 Kg5 53. Nb4
Kg6 54. Na2 Kg5 1/2-1/2

[Event "BL 0304 SV Hofheim - SK König Plauen"]
[Site "?"]
[Date "2004.03.28"]
[Round "13.8"]
[White "Haubt, Georg"]
[Black "Pfretzschner, Roland"]
[Result "1-0"]
[WhiteElo "2283"]
[BlackElo "2222"]
[PlyCount "93"]
[EventDate "2004.??.??"]

1. d4 Nf6 2. Bg5 e6 3. e4 h6 4. Bxf6 Qxf6 5. Nc3 d6 6. Qd2 g5 7. Bc4 Bg7 8.
Nge2 Nc6 9. Rd1 Bd7 10. O-O O-O-O 11. f4 gxf4 12. Rxf4 Qg6 13. Rf3 h5 14. Rdf1
Rdf8 15. Kh1 Kb8 16. Qe3 Bh6 17. Qf2 Rhg8 18. a3 f6 19. b4 Ne7 20. Nf4 Bxf4 21.
Rxf4 f5 22. Nd1 Re8 23. exf5 Nxf5 24. Bd3 Bc6 25. Ne3 Qg7 26. Bxf5 exf5 27. d5
Rxe3 28. dxc6 bxc6 29. Rxf5 Qe7 30. Rf8+ Rxf8 31. Qxf8+ Qxf8 32. Rxf8+ Kb7 33.
h4 Rxa3 34. Rf5 Ra4 35. Rxh5 Rxb4 36. g3 Re4 37. Rf5 c5 38. h5 a5 39. h6 Re8
40. g4 Kc6 41. g5 Rh8 42. Kg2 Kd7 43. Kg3 Ke7 44. Kg4 a4 45. Rf3 Rb8 46. Kh5 c4
47. h7 1-0

[Event "BL 0304 SG Köln Porz - Stuttgarter Sfr"]
[Site "?"]
[Date "2004.03.28"]
[Round "13.2"]
[White "Sokolov, Ivan"]
[Black "Berezovsky, Igor"]
[Result "1-0"]
[WhiteElo "2695"]
[BlackElo "2444"]
[PlyCount "70"]
[EventDate "2004.??.??"]

1. d4 e6 2. c4 Bb4+ 3. Bd2 a5 4. Nc3 Nf6 5. Bg5 d6 6. e3 Bxc3+ 7. bxc3 Qe7 8.
Bd3 e5 9. Ne2 h6 10. Bh4 O-O 11. O-O g5 12. Bg3 Nh5 13. Qc2 f5 14. f3 Nxg3 15.
Nxg3 f4 16. exf4 gxf4 17. Ne4 exd4 18. cxd4 Qg7 19. Qf2 Nc6 20. c5 d5 21. Nc3
Be6 22. Ne2 Rae8 23. Bb5 Bd7 24. Nc3 Nxd4 25. Bxd7 Re3 26. Rad1 Qxd7 27. Kh1
Rxc3 28. Qxd4 Rc2 29. Rg1 Kh7 30. g4 Qe6 31. Rde1 Qg6 32. g5 Rf5 33. Re7+ Kg8
34. h4 Rc4 35. Re8+ Rf8 1-0

[Event "BL 0304 SG Köln Porz - Stuttgarter Sfr"]
[Site "?"]
[Date "2004.03.28"]
[Round "13.4"]
[White "Graf, Alexander"]
[Black "Reuss, Andreas"]
[Result "1-0"]
[WhiteElo "2646"]
[BlackElo "2361"]
[PlyCount "79"]
[EventDate "2004.??.??"]

1. d4 d5 2. c4 c6 3. Nc3 Nf6 4. Nf3 e6 5. Bg5 h6 6. Bh4 g5 7. Bg3 Ne4 8. e3
Nxg3 9. hxg3 Bg7 10. Ne5 Nd7 11. f4 Qe7 12. Bd3 Nxe5 13. dxe5 Bd7 14. Rc1 O-O-O
15. cxd5 exd5 16. Nxd5 Qf8 17. Qb3 Kb8 18. Nb4 Ka8 19. Be4 Qe8 20. O-O f5 21.
Bf3 g4 22. Be2 h5 23. Kf2 h4 24. Bc4 Bc8 25. Qc3 hxg3+ 26. Kxg3 Rd6 27. Nc2
Rdh6 28. Ne1 Bf8 29. Kf2 Be7 30. Ke2 Rh2 31. Rg1 Qh5 32. Rc2 Rh1 33. Rxh1 Qxh1
34. e6 Rd8 35. Rd2 Rxd2+ 36. Qxd2 Bh4 37. g3 Bxg3 38. e7 Qe4 39. Qd8 Qxc4+ 40.
Kd1 1-0

[Event "BL 0304 SG Köln Porz - Stuttgarter Sfr"]
[Site "?"]
[Date "2004.03.28"]
[Round "13.6"]
[White "Vaganian, Rafael A"]
[Black "Heinatz, Thomas"]
[Result "1-0"]
[WhiteElo "2623"]
[BlackElo "2332"]
[PlyCount "65"]
[EventDate "2004.??.??"]

1. d4 Nf6 2. Nf3 g6 3. c4 Bg7 4. g3 O-O 5. Bg2 c6 6. Nc3 d5 7. Qb3 e6 8. O-O b6
9. Rd1 Bb7 10. Bg5 Nbd7 11. e4 dxe4 12. Ne5 h6 13. Nxd7 Qxd7 14. Bxf6 Bxf6 15.
Nxe4 Bg7 16. c5 b5 17. a4 a6 18. Qf3 Ra7 19. Nf6+ Bxf6 20. Qxf6 b4 21. a5 Ba8
22. Ra4 Rb8 23. Qf4 Rb5 24. Rc1 Qd8 25. Rc4 e5 26. Qe3 Re7 27. Ra1 exd4 28.
Qxh6 Rxa5 29. Rd1 Rd7 30. Qf4 d3 31. h4 Qf8 32. h5 Rxc5 33. hxg6 1-0

[Event "BL 0304 SG Köln Porz - Stuttgarter Sfr"]
[Site "?"]
[Date "2004.03.28"]
[Round "13.7"]
[White "Vuckovic, Aleksandar"]
[Black "Hansen, Curt"]
[Result "1/2-1/2"]
[WhiteElo "2321"]
[BlackElo "2616"]
[PlyCount "135"]
[EventDate "2004.??.??"]

1. e4 c5 2. Nf3 d6 3. d4 cxd4 4. Nxd4 Nf6 5. Nc3 a6 6. g3 e5 7. Nde2 Nbd7 8.
Bg2 b5 9. Nd5 Nxd5 10. Qxd5 Qc7 11. Nc3 Nb6 12. Qd3 b4 13. Nd5 Nxd5 14. Qxd5
Rb8 15. O-O Be6 16. Qd1 Be7 17. Bd2 O-O 18. c3 b3 19. axb3 Bxb3 20. Qf3 a5 21.
Rfc1 a4 22. c4 Qb7 23. Qd3 Rfc8 24. Bf1 Rc6 25. Rc3 Bd8 26. Qd5 Bb6 27. Be3 Qc7
28. Bxb6 Rbxb6 29. Rac1 g6 30. Qd2 Rc5 31. h4 Rbc6 32. Qe2 Kg7 33. Qd3 Qe7 34.
Kh2 h6 35. Qf3 Qe6 36. Bh3 Qe7 37. Bf1 Qf6 38. Qe2 h5 39. Qe3 Rb6 40. Bd3 Rb4
41. Kg2 Qe7 42. Qe2 Rc6 43. Kg1 Qc7 44. Kh2 Ba2 45. Kg1 Qb6 46. R3c2 Bb3 47.
Rc3 Qd4 48. Kg2 Rcb6 49. Bb1 Rc6 50. Bd3 Ba2 51. R3c2 Rc7 52. Kg1 Rcb7 53. Ra1
Bb3 54. Rc3 Rb8 55. Kg2 R8b6 56. Kg1 Rb7 57. Kg2 Rb8 58. Kg1 Rc8 59. Rac1 Rc7
60. Kg2 Ba2 61. R3c2 Rc8 62. Kg1 Qb6 63. Ra1 Bb3 64. Rc3 Rc6 65. Kg2 Qc7 66.
Rac1 Ba2 67. R3c2 Qc8 68. Kh2 1/2-1/2

[Event "BL 0304 SG Köln Porz - Stuttgarter Sfr"]
[Site "?"]
[Date "2004.03.28"]
[Round "13.8"]
[White "Van den Doel, Erik"]
[Black "Migl, Dieter"]
[Result "1-0"]
[WhiteElo "2609"]
[BlackElo "2255"]
[PlyCount "73"]
[EventDate "2004.??.??"]

1. e4 c5 2. Nf3 Nc6 3. d4 cxd4 4. Nxd4 Nf6 5. Nc3 d6 6. Bg5 e6 7. Qd2 a6 8.
O-O-O Bd7 9. Nxc6 Bxc6 10. Qe1 Be7 11. f4 b5 12. Bd3 Ra7 13. e5 Nd5 14. Bxe7
Nxe7 15. exd6 Qxd6 16. Qg3 Qc5 17. f5 O-O 18. fxe6 fxe6 19. Rhe1 Nf5 20. Qh3
Rf6 21. Ne4 Bxe4 22. Bxe4 g6 23. Kb1 Nd6 24. Bd3 Rc7 25. Qh4 Kg7 26. Qg3 e5 27.
Qg5 a5 28. h4 h6 29. Qd2 b4 30. Bf1 Rf2 31. Re2 Rxe2 32. Bxe2 Nf5 33. h5 Nd4
34. hxg6 a4 35. Rh1 Nf5 36. g4 Qe3 37. Qxb4 1-0

[Event "BL 0304 SF Katernberg - SC Baden Oos"]
[Site "?"]
[Date "2004.03.28"]
[Round "13.1"]
[White "Dautov, Rustem"]
[Black "Volokitin, Andrei"]
[Result "1/2-1/2"]
[WhiteElo "2610"]
[BlackElo "2594"]
[PlyCount "43"]
[EventDate "2004.??.??"]

1. d4 Nf6 2. Nf3 e6 3. c4 c5 4. d5 b5 5. Bg5 exd5 6. cxd5 d6 7. e4 a6 8. a4 Be7
9. Nbd2 Nxd5 10. Bxe7 Qxe7 11. axb5 O-O 12. Bc4 Nb4 13. O-O Bb7 14. bxa6 N8xa6
15. Re1 Nc7 16. Ra3 Qf6 17. Qb3 Ne6 18. Qc3 Qxc3 19. Rxc3 d5 20. exd5 Bxd5 21.
Bxd5 Nxd5 22. Ra3 1/2-1/2

[Event "BL 0304 SF Katernberg - SC Baden Oos"]
[Site "?"]
[Date "2004.03.28"]
[Round "13.5"]
[White "Schmaltz, Roland"]
[Black "Siebrecht, Sebastian"]
[Result "1-0"]
[WhiteElo "2519"]
[BlackElo "2435"]
[PlyCount "67"]
[EventDate "2004.??.??"]

1. e4 g6 2. d4 Bg7 3. Nc3 c6 4. Nf3 d6 5. h3 b5 6. Be3 a6 7. Qd2 Nd7 8. Bd3 e5
9. O-O Ngf6 10. dxe5 dxe5 11. a4 Bb7 12. Rfd1 O-O 13. Ne2 Qe7 14. Ng3 Rfe8 15.
b4 Rad8 16. c4 c5 17. cxb5 cxb4 18. bxa6 Ba8 19. Bb5 Nf8 20. Qb2 Nxe4 21. Bxe8
Rxe8 22. Nxe4 Bxe4 23. Nd2 Bd3 24. Nb3 e4 25. Bd4 Bxd4 26. Nxd4 Bxa6 27. Nc2
Bd3 28. Nxb4 Bc4 29. Qc3 Be6 30. a5 Nd7 31. Nc6 Qg5 32. Qe3 Qb5 33. Nd4 Qb8 34.
Nxe6 1-0

[Event "BL 0304 SF Katernberg - SC Baden Oos"]
[Site "?"]
[Date "2004.03.28"]
[Round "13.6"]
[White "Scholz, Christian"]
[Black "Buhmann, Rainer"]
[Result "0-1"]
[WhiteElo "2392"]
[BlackElo "2532"]
[PlyCount "64"]
[EventDate "2004.??.??"]

1. e4 e6 2. d4 d5 3. Nd2 Nf6 4. e5 Nfd7 5. Bd3 c5 6. c3 Nc6 7. Ne2 a5 8. O-O
Be7 9. f4 cxd4 10. cxd4 Nb6 11. Kh1 Bd7 12. f5 exf5 13. Bxf5 Bxf5 14. Rxf5 a4
15. Nb1 O-O 16. Nbc3 f6 17. exf6 Bxf6 18. Rf3 Qd7 19. Be3 Ne7 20. Bg1 Nc4 21.
Qc2 b5 22. Rh3 g6 23. Nf4 Bg7 24. Nd3 Nf5 25. Nb4 Nxd4 26. Bxd4 Bxd4 27. Nbxd5
Qe6 28. Rf3 Rxf3 29. gxf3 Rf8 30. Kg2 Bxc3 31. Nc7 Ne3+ 32. Kf2 Qb6 0-1

[Event "BL 0304 SF Katernberg - SC Baden Oos"]
[Site "?"]
[Date "2004.03.28"]
[Round "13.7"]
[White "Keitlinghaus, Ludger"]
[Black "Souleidis, Georgios"]
[Result "1/2-1/2"]
[WhiteElo "2503"]
[BlackElo "2401"]
[PlyCount "82"]
[EventDate "2004.??.??"]

1. e4 c5 2. c3 d5 3. exd5 Qxd5 4. d4 Nf6 5. Nf3 Bg4 6. Qa4+ Bd7 7. Qb3 cxd4 8.
Bc4 Qe4+ 9. Kf1 e6 10. cxd4 Nc6 11. Nc3 Qf5 12. Qxb7 Rb8 13. Qc7 Rc8 14. Qf4
Qxf4 15. Bxf4 Nxd4 16. Ne5 Bd6 17. Ba6 Rc5 18. Nxd7 Kxd7 19. Bxd6 Kxd6 20. Rd1
e5 21. g3 Rb8 22. Rd2 Ke7 23. Kg2 Nd5 24. Nxd5+ Rxd5 25. Bc4 Rd6 26. Rc1 Rc8
27. Rc3 Rc7 28. Bxf7 Rxc3 29. bxc3 Nb5 30. Rb2 Nxc3 31. Bg8 h6 32. Rb3 Ne4 33.
Re3 Rd4 34. Bh7 Nf6 35. Bf5 Rd5 36. Rb3 e4 37. Rb7+ Kd6 38. g4 Rd2 39. Kg3 Rd3+
40. Kg2 Rd2 41. Kg1 Rd1+ 1/2-1/2

[Event "BL 0304 SF Katernberg - SC Baden Oos"]
[Site "?"]
[Date "2004.03.28"]
[Round "13.8"]
[White "Meyer, Falko"]
[Black "Schenk, Andreas"]
[Result "0-1"]
[WhiteElo "2348"]
[BlackElo "2499"]
[PlyCount "80"]
[EventDate "2004.??.??"]

1. e4 c5 2. Nf3 d6 3. d3 Nc6 4. Nbd2 g6 5. g3 Bg7 6. Bg2 e5 7. c3 Nge7 8. a4 h6
9. Rb1 a5 10. Nc4 Be6 11. Na3 O-O 12. h4 Kh8 13. Be3 f5 14. Qd2 Ng8 15. Ng5 Bc8
16. Nh3 Rb8 17. Nb5 Qe7 18. Kd1 Be6 19. b3 fxe4 20. dxe4 c4 21. Bb6 Rbc8 22.
Ke1 cxb3 23. Ng5 hxg5 24. hxg5+ Nh6 25. gxh6 Bf6 26. Qxd6 Qf7 27. Qd2 Qe7 28.
Bh3 Bxh3 29. Rxh3 Qe6 30. Rh1 Nb4 31. Be3 Nc2+ 32. Kf1 Qc4+ 33. Kg1 Rcd8 34.
Nd6 Qe6 35. Bc5 b6 36. Qe2 bxc5 37. Nc4 Rb8 38. Nxa5 Na3 39. Rb2 c4 40. Kg2 Bd8
0-1

[Event "BL 0304 SC Kreuzberg - SV Werder Bremen"]
[Site "?"]
[Date "2004.03.28"]
[Round "13.3"]
[White "Babula, Vlastimil"]
[Black "Maiwald, Jens-Uwe"]
[Result "0-1"]
[WhiteElo "2567"]
[BlackElo "2543"]
[PlyCount "72"]
[EventDate "2004.??.??"]

1. d4 Nf6 2. c4 g6 3. Nc3 Bg7 4. e4 d6 5. Nf3 O-O 6. Be2 e5 7. O-O Nc6 8. d5
Ne7 9. b4 Ne8 10. Nd2 f5 11. c5 Nf6 12. f3 f4 13. Nc4 g5 14. a4 Ng6 15. cxd6
cxd6 16. Nb5 Ne8 17. Bd2 h5 18. Be1 a6 19. Nba3 Nf6 20. a5 b5 21. axb6 g4 22.
b7 Bxb7 23. Na5 Bc8 24. Nc6 Qb6+ 25. Kh1 g3 26. b5 axb5 27. Nxb5 Rxa1 28. Qxa1
Qe3 29. Qa2 Nxe4 30. fxe4 f3 31. Bxf3 Rxf3 32. gxf3 Bh3 33. Bxg3 Bxf1 34. Nxd6
Be2 35. h4 Bxf3+ 36. Kh2 Qc1 0-1

[Event "BL 0304 SC Kreuzberg - SV Werder Bremen"]
[Site "?"]
[Date "2004.03.28"]
[Round "13.4"]
[White "Tischbierek, Raj"]
[Black "Pelletier, Yannick"]
[Result "0-1"]
[WhiteElo "2519"]
[BlackElo "2604"]
[PlyCount "54"]
[EventDate "2004.??.??"]

1. e4 c5 2. Nc3 d6 3. Nge2 Nf6 4. d4 cxd4 5. Nxd4 a6 6. Bg5 e6 7. f4 h6 8. Bh4
Nbd7 9. Qe2 Qc7 10. O-O-O Be7 11. Bg3 g6 12. h3 e5 13. fxe5 dxe5 14. Nf3 b5 15.
Qd2 Bb7 16. Kb1 b4 17. Nd5 Nxd5 18. exd5 Bd6 19. Bh4 Kf8 20. g4 Kg7 21. Bf2 Nf6
22. Bg2 Nxd5 23. Nd4 Nc3+ 24. bxc3 Bxg2 25. Rhg1 Rhd8 26. cxb4 Bxb4 27. Qe2
exd4 0-1

[Event "BL 0304 SC Kreuzberg - SV Werder Bremen"]
[Site "?"]
[Date "2004.03.28"]
[Round "13.5"]
[White "Schandorff, Lars"]
[Black "Lau, Ralf"]
[Result "1/2-1/2"]
[WhiteElo "2520"]
[BlackElo "2503"]
[PlyCount "88"]
[EventDate "2004.??.??"]

1. Nf3 Nf6 2. c4 e6 3. Nc3 d5 4. d4 Nbd7 5. Bf4 dxc4 6. e3 Nb6 7. Bxc4 Nxc4 8.
Qa4+ c6 9. Qxc4 Nd5 10. Bg3 Qb6 11. Qe2 Bb4 12. Rc1 Qa5 13. Qd2 O-O 14. O-O b6
15. a3 Bxc3 16. bxc3 Qxa3 17. Ne5 Nf6 18. f3 Nh5 19. Ra1 Qe7 20. Nxc6 Qb7 21.
Ne5 Nxg3 22. hxg3 Qc7 23. g4 Rd8 24. Rfd1 h6 25. Qb2 Bb7 26. Qb3 Bd5 27. c4 Bb7
28. Ra2 Rdc8 29. Rc1 Bc6 30. Kf2 Be8 31. Nd3 a5 32. e4 Rd8 33. d5 b5 34. c5
exd5 35. exd5 a4 36. Qc3 Rxd5 37. Nb4 Rdd8 38. c6 Rac8 39. Qc5 Qf4 40. Rcc2
Qd4+ 41. Kg3 Qxc5 42. Rxc5 Rd4 43. Rxb5 Bxc6 44. Nxc6 Rxc6 1/2-1/2

[Event "BL 0304 SC Kreuzberg - SV Werder Bremen"]
[Site "?"]
[Date "2004.03.28"]
[Round "13.6"]
[White "Kalinitschew, Sergey"]
[Black "Knaak, Rainer"]
[Result "1/2-1/2"]
[WhiteElo "2519"]
[BlackElo "2480"]
[PlyCount "65"]
[EventDate "2004.??.??"]

1. d4 d5 2. c4 c6 3. Nc3 Nf6 4. cxd5 cxd5 5. Bf4 Nc6 6. e3 a6 7. Bd3 Bg4 8.
Nge2 e6 9. Rc1 Be7 10. O-O O-O 11. a3 Bh5 12. Bg5 Nd7 13. Bxe7 Qxe7 14. f3 Bg6
15. Nf4 Rad8 16. Rf2 Nb6 17. Nxg6 hxg6 18. f4 f5 19. Nb1 Rd6 20. Nd2 g5 21. g3
g6 22. h3 Kg7 23. Nf3 gxf4 24. gxf4 Rh8 25. Kh2 Nd7 26. Rg2 Rh6 27. Qe2 Qe8 28.
Rcg1 Ne7 29. Rg3 Nf6 30. Ne5 Nd7 31. Nf3 Nf6 32. Ne5 Nd7 33. Nf3 1/2-1/2

[Event "BL 0304 SC Kreuzberg - SV Werder Bremen"]
[Site "?"]
[Date "2004.03.28"]
[Round "13.7"]
[White "Skripchenko-Lautier, Almira"]
[Black "Volke, Karsten"]
[Result "1/2-1/2"]
[WhiteElo "2460"]
[BlackElo "2467"]
[PlyCount "66"]
[EventDate "2004.??.??"]

1. e4 Nf6 2. e5 Nd5 3. d4 d6 4. c4 Nb6 5. exd6 exd6 6. Nc3 g6 7. h3 Bg7 8. Nf3
O-O 9. Be2 h6 10. O-O Nc6 11. b3 Re8 12. Bb2 d5 13. Nb5 a6 14. Na3 Bf5 15. Qd2
Be4 16. Rfd1 Qe7 17. c5 Nd7 18. b4 Nf8 19. b5 axb5 20. Nxb5 Ne6 21. a4 g5 22.
Ne1 Nf4 23. Bf1 Qd7 24. Bc3 Re7 25. Kh2 Rae8 26. g3 Ne6 27. a5 Qc8 28. Ra2 h5
29. Rda1 Nb8 30. Rb2 Nc6 31. Rba2 Nb8 32. Rb2 Nc6 33. Rba2 Nb8 1/2-1/2

[Event "BL 0304 SC Kreuzberg - SV Werder Bremen"]
[Site "?"]
[Date "2004.03.28"]
[Round "13.8"]
[White "Loeffler, Stefan"]
[Black "Meins, Gerlef"]
[Result "0-1"]
[WhiteElo "2413"]
[BlackElo "2454"]
[PlyCount "56"]
[EventDate "2004.??.??"]

1. Nf3 d5 2. c4 c6 3. e3 Nf6 4. Qc2 e6 5. b3 Nbd7 6. Bb2 Bd6 7. d4 O-O 8. Nbd2
Qe7 9. Ne5 Bb4 10. Bd3 Bxd2+ 11. Qxd2 Ne4 12. Qc2 Qb4+ 13. Ke2 f5 14. a4 Nxe5
15. dxe5 Qe7 16. Ba3 c5 17. f3 b6 18. Raf1 Bb7 19. Bb2 Rad8 20. Qc1 dxc4 21.
bxc4 Rxd3 22. Kxd3 Rd8+ 23. Kc2 Rd2+ 24. Kb3 Rd3+ 25. Ka2 Nd2 26. Rf2 Qd7 27.
Rd1 Qxa4+ 28. Ba3 Qb3+ 0-1

[Event "BL 0304 SFR Neukölln - Bremer SG"]
[Site "?"]
[Date "2004.03.28"]
[Round "13.3"]
[White "Hjartarson, Johann"]
[Black "Polzin, Rainer"]
[Result "1-0"]
[WhiteElo "2640"]
[BlackElo "2489"]
[PlyCount "81"]
[EventDate "2004.??.??"]

1. d4 Nf6 2. c4 g6 3. Nc3 Bg7 4. e4 d6 5. Nf3 O-O 6. Be2 e5 7. O-O Nc6 8. d5
Ne7 9. Bg5 Ne8 10. Nd2 f5 11. f3 f4 12. Bh4 Rf7 13. b4 Bf8 14. c5 Rg7 15. Bg5
h6 16. Bxh6 Rh7 17. Bxf8 Kxf8 18. Rf2 Ng8 19. Rc1 Qh4 20. Nf1 Ngf6 21. Qe1 g5
22. h3 a5 23. cxd6 cxd6 24. Na4 g4 25. fxg4 Bxg4 26. Nb6 Rd8 27. Bxg4 Nxg4 28.
Rfc2 Ngf6 29. bxa5 Qg5 30. Rc3 Qg6 31. Nd2 Nh5 32. Rc8 Rxc8 33. Rxc8 Ng3 34.
Kh2 Rg7 35. Nbc4 Kg8 36. Nxd6 Qxd6 37. Rxe8+ Kh7 38. Nf3 Qa3 39. Rxe5 Qxa2 40.
d6 Nf5 41. Nd2 1-0

[Event "BL 0304 SFR Neukölln - Bremer SG"]
[Site "?"]
[Date "2004.03.28"]
[Round "13.4"]
[White "Borriss, Martin Dr"]
[Black "Agrest, Evgenij"]
[Result "1/2-1/2"]
[WhiteElo "2445"]
[BlackElo "2605"]
[PlyCount "159"]
[EventDate "2004.??.??"]

1. e4 c5 2. Nf3 e6 3. d4 cxd4 4. Nxd4 a6 5. Nc3 Qc7 6. Bd3 Bc5 7. Nb3 Be7 8. f4
d6 9. Qe2 Nd7 10. Bd2 Ngf6 11. g4 Nc5 12. Nxc5 dxc5 13. g5 Nd7 14. e5 Nb6 15.
Be4 Bd7 16. Qf3 O-O-O 17. O-O-O Nc4 18. Be1 h6 19. h4 hxg5 20. hxg5 Rxh1 21.
Qxh1 Qb6 22. b3 Ne3 23. Rd2 c4 24. Qf3 Bc5 25. Kb1 Nf5 26. Bxf5 exf5 27. Nd5
Qb5 28. Bf2 cxb3 29. axb3 Qf1+ 30. Ka2 Bc6 31. c4 Kb8 32. Qe2 Qxe2 33. Rxe2
Bxf2 34. Rxf2 Rh8 35. Rf3 Rh2+ 36. Ka3 g6 37. Re3 Rd2 38. e6 fxe6 39. Rxe6 Bxd5
40. cxd5 Rxd5 41. Rxg6 Rd4 42. Rf6 Rxf4 43. g6 Rg4 44. Rxf5 Rxg6 45. Rh5 Kc7
46. Kb2 Kc6 47. Kc3 Rd6 48. Kc4 Kb6 49. Rg5 Rh6 50. Rf5 Rh3 51. Kb4 a5+ 52. Ka3
Ka6 53. Rf6+ b6 54. Rg6 Rc3 55. Rg5 Rd3 56. Kb2 Rd4 57. Kc3 Rb4 58. Rh5 Rb5 59.
Rh4 Rg5 60. Rf4 Kb5 61. Rh4 Kc6 62. Rh2 b5 63. Kb2 b4 64. Rc2+ Kd5 65. Rc4 Rg2+
66. Kb1 Re2 67. Rh4 Re4 68. Rh5+ Re5 69. Rh4 Re4 70. Rh5+ Kd4 71. Rxa5 Kc3 72.
Rc5+ Kxb3 73. Rc1 Re3 74. Rh1 Ka3 75. Rg1 b3 76. Rh1 b2 77. Rg1 Rc3 78. Rh1
Rc1+ 79. Rxc1 bxc1=Q+ 80. Kxc1 1/2-1/2

[Event "BL 0304 SFR Neukölln - Bremer SG"]
[Site "?"]
[Date "2004.03.28"]
[Round "13.5"]
[White "Fish, Gannadij"]
[Black "Poldauf, Dirk"]
[Result "1-0"]
[WhiteElo "2509"]
[BlackElo "2404"]
[PlyCount "75"]
[EventDate "2004.??.??"]

1. d4 Nf6 2. c4 g6 3. Nc3 Bg7 4. e4 d6 5. Nf3 O-O 6. Be2 e5 7. O-O Na6 8. Re1
c6 9. Bf1 Bg4 10. d5 Ne8 11. h3 Bd7 12. dxc6 Bxc6 13. Rb1 Nac7 14. b4 b6 15.
Ba3 f5 16. Qb3 Kh8 17. Rbd1 Ne6 18. c5 Nd4 19. Nxd4 exd4 20. Ne2 bxc5 21. bxc5
Rb8 22. Qg3 f4 23. Qf3 Ba4 24. Nxd4 Bxd1 25. Rxd1 Bxd4 26. Rxd4 Qf6 27. Rd1 Ng7
28. cxd6 Ne6 29. Bc4 Ng5 30. Qd3 f3 31. g3 Nxh3+ 32. Kf1 Ng5 33. d7 Rfd8 34.
Bc5 Ne6 35. Qd6 Rxd7 36. Qxb8+ Nd8 37. Qb3 Rb7 38. Bd4 1-0

[Event "BL 0304 SFR Neukölln - Bremer SG"]
[Site "?"]
[Date "2004.03.28"]
[Round "13.6"]
[White "Thiede, Lars"]
[Black "Gisbrecht, Ewgeni"]
[Result "1/2-1/2"]
[WhiteElo "2440"]
[BlackElo "2441"]
[PlyCount "154"]
[EventDate "2004.??.??"]

1. g3 d5 2. Bg2 c6 3. d3 Nf6 4. a3 e5 5. Nf3 Bd6 6. Nc3 O-O 7. O-O Bg4 8. h3
Bh5 9. g4 Bg6 10. Nh4 d4 11. Nb1 Nd5 12. Nf5 Bxf5 13. gxf5 Nf4 14. e3 Nxg2 15.
Kxg2 g6 16. exd4 exd4 17. Qg4 Be5 18. Bh6 Bg7 19. Bxg7 Kxg7 20. Nd2 Qd5+ 21.
Nf3 c5 22. b4 Nc6 23. Rfe1 Rfe8 24. Qf4 Qxf5 25. Qxf5 gxf5 26. b5 Na5 27. Kg3
Kf6 28. Kf4 Rad8 29. Nh4 c4 30. Nxf5 cxd3 31. cxd3 Nb3 32. Rxe8 Rxe8 33. Rb1
Nc5 34. Nxd4 Nxd3+ 35. Kf3 Ne5+ 36. Kg3 Rg8+ 37. Kf4 Rd8 38. Ne2 Rd3 39. Ng3
Rf3+ 40. Ke4 Rxa3 41. Nh5+ Kg5 42. f4+ Kxh5 43. Kxe5 Rxh3 44. f5 Kg4 45. Kf6
Rf3 46. Rg1+ Kf4 47. Ra1 h5 48. Ra4+ Kg3 49. Kg5 Rb3 50. Rxa7 Rxb5 51. Ra3+ Kg2
52. Ra2+ Kf3 53. Rh2 Ke4 54. Re2+ Kf3 55. Rh2 Rd5 56. Rxh5 b5 57. Kf6 Ke4 58.
Rh4+ Kd3 59. Rh7 Ke4 60. Rh4+ Ke3 61. Rh5 Rd7 62. Kg7 b4 63. f6 Kd4 64. Rh4+
Kc5 65. Rh5+ Kc6 66. Rh8 Rb7 67. Rf8 b3 68. Rxf7 Rxf7+ 69. Kxf7 b2 70. Kg7 b1=Q
71. f7 Qg1+ 72. Kh7 Qh2+ 73. Kg7 Qe5+ 74. Kg8 Qg5+ 75. Kh8 Qh6+ 76. Kg8 Qg6+
77. Kh8 Qxf7 1/2-1/2

[Event "BL 0304 SFR Neukölln - Bremer SG"]
[Site "?"]
[Date "2004.03.28"]
[Round "13.8"]
[White "Ahlander, Bjoern Mikael"]
[Black "Borik, Otto"]
[Result "1-0"]
[WhiteElo "2397"]
[BlackElo "2429"]
[PlyCount "75"]
[EventDate "2004.??.??"]

1. d4 g6 2. c4 Bg7 3. Nf3 c5 4. d5 d6 5. e4 e5 6. Bd3 Ne7 7. h3 O-O 8. g4 Na6
9. Nc3 Bd7 10. Qe2 Rb8 11. Be3 Nc7 12. a3 a5 13. a4 Na6 14. O-O-O Nb4 15. Bb1
f6 16. Rdg1 Qc8 17. Nd2 g5 18. Nf1 Ng6 19. Ng3 Nf4 20. Qd2 Re8 21. f3 h6 22. h4
Kf7 23. hxg5 fxg5 24. Nf5 Bxf5 25. exf5 Rh8 26. Rh2 Qd7 27. Rgh1 h5 28. Ne4
Qxa4 29. Nxd6+ Kg8 30. Bxf4 exf4 31. f6 Bxf6 32. Qe2 Qd7 33. Ne4 Bd4 34. Rxh5
Rxh5 35. Rxh5 Be3+ 36. Qxe3 fxe3 37. Nf6+ Kf7 38. Nxd7 1-0

[Event "BL 0304 SV Wattenscheid - Hamburger SK"]
[Site "?"]
[Date "2004.03.28"]
[Round "13.3"]
[White "Kempinski, Robert"]
[Black "Handke, Florian"]
[Result "1-0"]
[WhiteElo "2561"]
[BlackElo "2476"]
[PlyCount "111"]
[EventDate "2004.??.??"]

1. d4 d5 2. c4 c6 3. Nc3 Nf6 4. e3 a6 5. Qc2 g6 6. Bd3 Bg7 7. Nf3 O-O 8. O-O
Bg4 9. Ne5 Be6 10. c5 Nbd7 11. f4 Nxe5 12. fxe5 Ng4 13. Bd2 f6 14. h3 Nh6 15.
exf6 exf6 16. Be1 Bf5 17. Bg3 Qd7 18. Rae1 Rf7 19. e4 dxe4 20. Nxe4 Bxe4 21.
Rxe4 Nf5 22. Bf2 Re7 23. Bc4+ Kf8 24. Rxe7 Nxe7 25. Qb3 Nd5 26. Bg3 Kg8 27. Bd6
Qf7 28. Re1 Bf8 29. Bxd5 cxd5 30. Bxf8 Rxf8 31. Qb6 Rc8 32. Qd6 Rc7 33. b4 Kg7
34. a4 Rd7 35. Qe6 Qxe6 36. Rxe6 h5 37. Rb6 g5 38. g4 h4 39. b5 axb5 40. axb5
Kg6 41. Kf2 Kf7 42. Ke3 Re7+ 43. Kd2 Rd7 44. Kc3 Re7 45. Kb4 Re4 46. Rxb7+ Ke6
47. Rb6+ Ke7 48. Rd6 Rxd4+ 49. Ka5 Rc4 50. Rxd5 Rc3 51. b6 Rxh3 52. b7 Rb3 53.
c6 h3 54. Rd2 h2 55. Rxh2 Kd6 56. Rh8 1-0

[Event "BL 0304 SV Wattenscheid - Hamburger SK"]
[Site "?"]
[Date "2004.03.28"]
[Round "13.5"]
[White "Wahls, Matthias"]
[Black "Dinstuhl, Volkmar Dr"]
[Result "1/2-1/2"]
[WhiteElo "2546"]
[BlackElo "2439"]
[PlyCount "117"]
[EventDate "2004.??.??"]

1. c4 Nf6 2. Nc3 c5 3. g3 e6 4. Nf3 Nc6 5. Bg2 d5 6. cxd5 Nxd5 7. O-O Be7 8. d4
O-O 9. Nxd5 exd5 10. dxc5 Bxc5 11. Bg5 Qb6 12. Qxd5 Be6 13. Qd3 h6 14. Bd2 Qxb2
15. Rfb1 Qf6 16. Bc3 Qe7 17. Qb5 Rab8 18. a4 Rfd8 19. e3 Bd5 20. Rc1 Bb4 21.
Bxb4 Nxb4 22. Nd4 Bxg2 23. Kxg2 Qe4+ 24. Kg1 Nd5 25. Qb1 Qe7 26. Qb3 Qe4 27.
Rc4 Nb6 28. Rb4 Rd7 29. Rc1 Nd5 30. Rbc4 Nb6 31. Rb4 Nd5 32. Rbc4 Nb6 33. Rc5
Rbd8 34. Ra5 Nc8 35. Rac5 Ne7 36. a5 Ng6 37. Qb1 Qe7 38. Qf5 Rd6 39. Rc7 R6d7
40. R7c5 Rd6 41. Qg4 R6d7 42. Qh5 Qe4 43. Qf5 Qxf5 44. Nxf5 Ne7 45. Nd4 Kf8 46.
Rb5 Nc8 47. Kg2 g6 48. g4 Nd6 49. Rbc5 Ne4 50. R5c4 Nf6 51. h3 Rd5 52. Ra1 h5
53. Kf3 hxg4+ 54. hxg4 Ne8 55. Ke2 R8d7 56. Rc8 a6 57. f4 Ke7 58. Kf3 Nd6 59.
Rc2 {(=)} 1/2-1/2